Alle UEFA Conference League clubs ooit - Statistieken

Algemene statistieken
  • Deze quiz is 16 keer genomen
    4 sinds de laatste reset
  • De gemiddelde score is 81 van 135
Antwoordstatistieken
Land Club % Correct
Schotland Aberdeen FC
100%
Griekenland AEK Athene
100%
Cyprus AEK Larnaca
100%
Cyprus APOEL
100%
Italië AS Roma
100%
Kazachstan Astana FK
100%
Engeland Aston Villa
100%
Nederland AZ
100%
Turkije Beşiktaş
100%
Engeland Crystal Palace
100%
Kroatië Dinamo Zagreb
100%
Zwitserland FC Basel
100%
Denemarken FC Kopenhagen
100%
Hongarije Ferencváros
100%
Nederland Feyenoord
100%
Italië Fiorentina
100%
Noorwegen FK Bodø/Glimt
100%
Schotland Heart of Midlothian FC
100%
Finland HJK Helsinki
100%
België KAA Gent
100%
Slovenië NK Celje
100%
Frankrijk Olympique Marseille
100%
Griekenland Panathinaikos
100%
Oostenrijk Rapid Wien
100%
Spanje Real Betis
100%
België RSC Anderlecht
100%
Oekraïne Shakhtar Donetsk
100%
Tsjechië Slavia Praag
100%
Engeland Tottenham Hotspur
100%
Nederland Vitesse
100%
Engeland West Ham United
100%
Duitsland 1. FC Köln
75%
Nederland Ajax
75%
Schotland Celtic FC
75%
België Cercle Brugge
75%
Engeland Chelsea
75%
Duitsland Eintracht Frankfurt
75%
Oekraïne FC Dynamo Kiev
75%
Zwitserland FC Lugano
75%
Roemenië FCSB
75%
Liechtenstein FC Vaduz
75%
Turkije Fenerbahçe
75%
Servië FK Partizan
75%
Azerbeidzjan FK Qarabağ
75%
Letland FK Rīgas FS
75%
Duitsland FSV Mainz 05
75%
Kazachstan Kairat Almaty
75%
Faeröer KÍ Klaksvík
75%
België KRC Genk
75%
Oostenrijk LASK Linz
75%
Polen Legia Warszawa
75%
Frankrijk Lille OSC
75%
Gibraltar Lincoln Red Imps
75%
Israël Maccabi Tel Aviv
75%
Noorwegen Molde FK
75%
Griekenland Olympiakos
75%
Nederland PSV
75%
Polen Raków Częstochowa
75%
Turkije Samsunspor
75%
Tsjechië SK Sigma Olomouc
75%
Slowakije Slovan Bratislava
75%
Slowakije Spartak Trnava
75%
Tsjechië Sparta Praag
75%
Duitsland 1. FC Heidenheim
50%
Duitsland 1. FC Union Berlin
50%
Oostenrijk Austria Wien
50%
IJsland Breiðablik Kópavogur
50%
België Club Brugge
50%
Roemenië CS Universitatea Craiova
50%
Belarus Dinamo Minsk
50%
Zweden Djurgårdens IF
50%
Estland FC Flora Tallinn
50%
Armenië FC Noah
50%
Bosnië en Herzegovina FK Borac Banja Luka
50%
Malta Ħamrun Spartans
50%
Kroatië HNK Rijeka
50%
Turkije Istanbul Başakşehir
50%
Polen Jagiellonia Białystok
50%
Kosovo KF Drita
50%
Finland KuPS
50%
Italië Lazio
50%
Polen Lech Poznań
50%
Israël Maccabi Haifa
50%
Frankrijk OGC Nice
50%
Slovenië Olimpija Ljubljana
50%
Cyprus Omonia Nicosia
50%
Cyprus Pafos FC
50%
Bulgarije PFK Ludogorets
50%
Spanje Rayo Vallecano
50%
Frankrijk RC Strasbourg
50%
Zwitserland Sankt Gallen
50%
Zwitserland Servette FC
50%
Ierland Shamrock Rovers
50%
Frankrijk Stade Rennais
50%
Oostenrijk Sturm Graz
50%
IJsland Vikingur Reykjavik
50%
Tsjechië Viktoria Plzeň
50%
Spanje Villarreal
50%
Portugal Vitoria SC
50%
Bosnië en Herzegovina Zrinjski Mostar
50%
Tsjechië 1. FC Slovácko
25%
Cyprus Anorthosis Famagusta
25%
Cyprus Apollon Limassol
25%
Zweden BK Häcken
25%
Roemenië CFR Cluj
25%
Bulgarije CSKA Sofia
25%
Armenië FA Alashkert
25%
Zwitserland FC Lausanne-Sport
25%
Denemarken FC Nordsjælland
25%
Servië FK Čukarički
25%
Tsjechië FK Jablonec
25%
Servië FK TSC
25%
Litouwen FK Žalgiris
25%
Kosovo KF Ballkani
25%
Noord-Macedonië KF Shkëndija
25%
Noord-Ierland Larne FC
25%
Engeland Leicester City
25%
Slovenië NŠ Mura
25%
Griekenland PAOK
25%
Moldavië Petrocub
25%
Armenië Pyunik Yerevan
25%
Denemarken Randers FC
25%
Portugal SC Braga
25%
Ierland Shelbourne FC
25%
Denemarken Silkeborg IF
25%
Turkije Sivasspor
25%
Oekraïne SK Dnipro-1
25%
Wales The New Saints FC
25%
Turkije Trabzonspor
25%
België Union Sint-Gillis
25%
Denemarken FC Midtjylland
0%
Moldavië FC Sheriff Tiraspol
0%
Tsjechië FK Mladá Boleslav
0%
Israël Hapoel Beer Sheva
0%
Oekraïne Zorya Luhansk
0%
Geen overeenkomende quizzen gevonden
Scoreverdeling
Procent van Mensen met Elke Score
Percentiel versus Aantal Correcte Antwoorden
Uw Scoregeschiedenis
U heeft deze quiz nog niet genomen sinds de laatste reset